000 00601nam a2200181 i 4500
001 25757
003 ES-MaACL
005 20250805063230.0
007 t|
008 030102s1879 fr ||||1| fre d
100 0 _aAristóteles
_922861
245 1 0 _aMétaphysique /
_cd'Aristóteles ; traduite en français avec des notes perpétuelles par J. Barthelemy Saint Hilaire.
260 _aParís :
_bGermer Baillière,
_c1879 (
_fGeorges Chamerot)
300 _a3 t. ;
_c23 cm.
700 0 _aBarthelemy Saint-Hilaire, Jules.
_926123
852 _aES-MaACL
_jF-7879-81
999 _c25757
_d25757